Statistiques concernant Capitales dans des carrés aléatoires sur la carte du monde

Cliquez ici pour prendre le quiz!

Statistiques générales

  • Ce quiz a été pris 19 642 fois
  • Le résultat moyen est 8 sur 15

Réponses sur la Carte

Les réponses sont colorées sur une échelle allant du rouge au vert en fonction du pourcentage des utilisateurs qui les ont devinées à leur premier essai. Vous pouvez retrouver ces pourcentages ci-dessous.
 

Statistiques - réponses

Boîte% Correct
Lisbonne | Madrid | Andorre-la-Vieille | Paris | Luxembourg | Bruxelles | Berne | Vaduz | Monaco
99%
Dublin | Londres | Amsterdam | Oslo
94%
Rome | Vatican | Saint-Marin | Athènes | Belgrade | Bratislava | Vienne | Ljubljana | Chișinău | Kiev | Bucarest | Skopje | Podgorica | Pristina | Budapest | Prague | Zagreb | Sofia | Sarajevo | Tirana
93%
Mexico | Guatemala | San Salvador
92%
Rabat | Tunis | Alger
89%
Stockholm | Helsinki | Tallinn | Riga | Vilnius | Minsk | Varsovie | Berlin | Copenhague
87%
Washington | Ottawa
84%
Moscou
83%
Tokyo
79%
Pékin | Pyongyang | Séoul
78%
Nicosie | Le Caire | Beyrouth | Jérusalem | Amman | Damas | Bagdad | Koweït | Riyad | Manama
75%
Canberra
74%
Islamabad | New Delhi | Katmandou | Thimphou
71%
Buenos Aires | Montevideo
70%
Brasilia
69%
Lima
68%
San José | Panama | Bogotá | Quito
68%
San Salvador | Belmopan | Tegucigalpa | Managua | Kingston | La Havane | Port-au-Prince | Saint-Domingue
68%
Santiago
66%
Kiev | Ankara | Tbilissi | Erevan | Bakou
65%
Le Cap | Maseru
63%
Praia | Banjul | Nouakchott | Bissau | Dakar
63%
Hanoï | Vientiane | Bangkok | Naypyidaw | Phnom Penh
62%
La Valette | Tripoli
59%
Reykjavik
58%
Singapour | Kuala Lumpur
57%
Taipei | Séoul
56%
La Paz | Sucre | Asunción
53%
Yamoussoukro | Accra | Porto-Novo | Cotonou | Lomé | Libreville | Sao Tomé-et-Principe | Malabo | Abuja
52%
Niamey | Bamako | Ouagadougou
51%
Kinshasa | Brazzaville | Luanda | Gitega | Lusaka
50%
Oulan-Bator
50%
Reykjavik
50%
Téhéran | Doha | Abou Dabi | Kaboul
50%
Wellington
50%
Addis-Abeba | Nairobi | Djouba | Mogadiscio | Kampala
49%
Manille
49%
Caracas | Georgetown | Paramaribo | Port-d'Espagne
48%
Harare | Mbabane | Maputo | Antananarivo
48%
Sanaa | Djibouti | Asmara | Khartoum
48%
Jakarta
47%
Dacca
45%
Windhoek | Pretoria | Bloemfontein | Maseru | Mbabane | Gaborone | Harare
42%
Abou Dabi | Mascate
34%
Caracas | Kingstown | Castries | Basseterre | Saint George's | Roseau | Bridgetown | Saint John's
34%
Kigali | Bangui | Yaoundé
33%
Conakry | Monrovia | Freetown
31%
Nassau
30%
Sri Jayawardenepura Kotte | Malé
30%
Ndjamena
26%
Nur-Sultan | Bichkek
26%
Douchanbé | Achgabat | Tachkent
25%
Port Moresby
24%
Dodoma | Lilongwe | Moroni
22%
Port-Louis
21%
Victoria
19%
Dili
18%
Bandar Seri Begawan
16%
Funafuti | Apia
15%
Nukuʻalofa | Suva
15%
Yaren | Palikir
12%
Honiara
11%
Port-Vila
10%
Tarawa | Majuro
10%
Ngerulmud
9%

Distribution des résultats

Percentile par nombre de réponses

% des personnes avec chaque résultat

Votre développement - résultats

Vous n’avez pas pris ce quiz